| 000 | 01044nam a2200301 i 4500 | ||
|---|---|---|---|
| 001 | bg | ||
| 003 | BPK | ||
| 005 | 20221201103710.0 | ||
| 008 | 000320s1979 pl a f |000 0 pol | ||
| 015 | _aPB 1980/3470 | ||
| 040 |
_aWA N _cBPK |
||
| 041 | 0 | _apol | |
| 080 | _a331.103.3 | ||
| 080 | _a(07) | ||
| 100 | 1 | _aLisiński, Marek. | |
| 245 | 1 | 0 |
_aBadanie pracy / _cMarek Lisiński, Zbigniew Martyniak, Arkadiusz Potocki. |
| 260 |
_aWarszawa : _bPańst. Wydaw. Ekonomiczne, _c1979. |
||
| 300 |
_aVIII, 375 s. : _bil., tab., wykr. ; _c21 cm. |
||
| 490 | 1 | _aTechniki Organizatorskie. | |
| 650 | 4 |
_aPraca _xorganizacja _xbadanie. |
|
| 655 | 4 | _aPodręcznik | |
| 710 | 2 |
_aPaństwowe Wydawnictwo Ekonomiczne _4pbl. |
|
| 700 | 1 |
_aMartyniak, Zbigniew _d(1936-2002) _eAutor |
|
| 700 | 1 |
_aPotocki, Arkadiusz _d(1945- ) _eAutor |
|
| 830 | 0 | _aTechniki Organizatorskie. | |
| 856 |
_uhttp://koha.tu.koszalin.pl/cgi-bin/koha/opac-detail.pl?biblionumber=19334 _yKatalog online BPK |
||
| 942 |
_2UKD _cKS |
||
| 999 |
_c19334 _d19334 |
||